Siete grandes cuentos fantásticos : una semana de buena lectura /
Guardado en:
| Autor Principal: | |
|---|---|
| Formato: | Libro |
| Publicado: |
Buenos Aires :
Capital Intelectual,
2008
|
| Series: | Colección Siete Grandes Cuentos
|
| Materias: | |
| Etiquetas: |
Agregar Etiqueta
Sin Etiquetas, Sea el primero en etiquetar este registro!
|
| LEADER | 01124nam a22002535a 4500 | ||
|---|---|---|---|
| 001 | CEM.cems013043 | ||
| 005 | 20081103094416.0 | ||
| 008 | 130507s2008##################000#0#####d | ||
| 003 | CEMS | ||
| 020 | |a 9789876140645 | ||
| 082 | 0 | 4 | |a 808.8 |
| 100 | 1 | |a Gliemmo, Graciela | |
| 245 | 1 | 0 | |a Siete grandes cuentos fantásticos : |b una semana de buena lectura / |c Selección Prólogo de Graciela Gliemmo |
| 260 | |a Buenos Aires : |b Capital Intelectual, |c 2008 | ||
| 300 | |a 128 p. | ||
| 490 | 0 | |a Colección Siete Grandes Cuentos | |
| 505 | 0 | |a Rip-Rip / Manuel Gutiérrez Nájera -- El anillo de Thoth / Arthur Conan Doyle -- Quién sabe? / Guy de Maupassant -- Una historia de fantasmas / Mark Twain -- Angéline o la casa encantada / Emile Zola -- La desaparición de Honoré Subrac / Guillaume Apollinaire -- El fantasma / Catherine Wells | |
| 653 | |a Literatura | ||
| 653 | |a Literatura fantástica | ||
| 653 | |a Cuentos | ||
| 653 | |a Cuentos fantásticos | ||
| 653 | |a Antología-cuentos | ||
| 859 | |a CEMS |b BIB. CEMS - 11 de abril |h 808.8 |i G498-2 |p 25457.08 |t Ej.1 | ||
| 859 | |a CEMS |b BIB. CEMS - 11 de abril |h 808.8 |i G498-2 |p 26805.14 |t Ej.2 | ||
